[Event "Montigny le Bretonneux Noel op 10th"]
[Site "Montigny le Bretonneux"]
[Date "2007.12.26"]
[Round "1"]
[White "Chanut, Pierre"]
[Black "Galazka, Pierre"]
[Result "0-1"]
[WhiteElo "1587"]
[BlackElo "1933"]
[PlyCount "56"]
[EventDate "2007.12.26"]
[EventType "swiss"]
[EventRounds "7"]
[EventCountry "FRA"]
[SourceTitle "CBM 122 Extra"]
[Source "ChessBase"]
[SourceDate "2008.03.04"]
[SourceVersion "1"]
[SourceVersionDate "2008.03.04"]
[SourceQuality "1"]

1. d4 d5 2. e4 dxe4 3. Nc3 Nf6 4. f3 exf3 5. Nxf3 e6 6. Ne5 Be7 7. Be3 0-0 8. Bd3 Nbd7 9. 0-0 Nb6 10. Qf3 Nbd5 11. Nxd5 exd5 12. h3 Be6 13. Rae1 c5 14. c3 Qb6 15. Re2 Rac8 16. Qg3 cxd4 17. cxd4 Ne8 18. Ref2 Qd8 19. Qh2 f6 20. Nf3 Bd6 21. Bf4 Qc7 22. Nh4 Bxf4 23. Rxf4 g5 24. Nf5 gxf4 25. Rxf4 Bxf5 26. Bxf5 Qc1+ 27. Rf1 Qe3+ 28. Kh1 Rc1 0-1

[Event "Montigny le Bretonneux Noel op 06th"]
[Site "Montigny le Bretonneux"]
[Date "2003.12.28"]
[Round "3"]
[White "Lallemand, Daniel"]
[Black "Chanut, Pierre"]
[Result "1-0"]
[WhiteElo "1760"]
[BlackElo "1399"]
[PlyCount "33"]
[EventDate "2003.12.26"]
[EventType "swiss"]
[EventRounds "6"]
[EventCountry "FRA"]
[SourceTitle "CBM 097 Extra"]
[Source "ChessBase"]
[SourceDate "2004.01.13"]
[SourceVersion "1"]
[SourceVersionDate "2004.01.13"]
[SourceQuality "1"]

1. e4 c6 2. d4 d5 3. e5 Bf5 4. g4 Bg6 5. h4 h6 6. Ne2 e6 7. Nf4 Bh7 8. c4 Ne7 9. Nc3 dxc4 10. Bxc4 Nd5 11. Ncxd5 exd5 12. Bd3 Bxd3 13. Qxd3 Bb4+ 14. Kf1 Be7 15. e6 f6 16. Qg6+ Kf8 17. Qf7# 1-0